| Record ID | marc_loc_2016/BooksAll.2016.part41.utf8:299510174:1150 |
| Source | Library of Congress |
| Download Link | /show-records/marc_loc_2016/BooksAll.2016.part41.utf8:299510174:1150?format=raw |
LEADER: 01150cam a2200337 i 4500
001 2014416103
003 DLC
005 20150625081108.0
008 140501s2013 ne a b 001 0 eng
010 $a 2014416103
020 $a9089644687 (pbk.)
020 $a9789089644688 (pbk.)
020 $z9789048517701 (pdf)
020 $z9789048517718 (e-Pub)
035 $a(CaONFCNI)cou22798247
040 $aDLC$beng$cDLC$erda
042 $apcc
050 00 $aJN36$b.S345 2013
100 1 $aSchendelen, M. P. C. M. van,$d1944-$eauthor.
240 10 $aMachiavelli in Brussels
245 14 $aThe art of lobbying the EU :$bmore Machiavelli in Brussels /$cRinus van Schendelen.
246 30 $aMore Machiavelli in Brussels
250 $aFourth, fully updated and revised edition.
264 1 $aAmsterdam :$bAmsterdam University Press,$c2013.
300 $a387 pages :$billustrations ;$c24 cm
336 $atext$2rdacontent
337 $aunmediated$2rdamedia
338 $avolume$2rdacarrier
500 $aFirst edition: Machiavelli in Brussels : the art of lobbying the EU. 2002.
610 20 $aEuropean Union.
650 0 $aLobbying$zEuropean Union countries.